Határon túli beruházási lehetőségek vizsgálata a Rustic '96 Kft-nél

Bibliographic Details
Main Author: Fekete József
Other Authors: Kozák Dr. Tamás
Format: Thesis
Kulcsszavak:Építőipar
Pozsony
Kereskedelem
Online Access:http://dolgozattar.uni-bge.hu/15053

MARC

LEADER 00000nta a2200000 i 4500
001 dolg15053
005 20180828141424.0
008 180426suuuu hu om 000 hun d
040 |a BGE Dolgozattár Repozitórium  |b hun 
041 |a hu 
100 1 |a Fekete József 
245 1 0 |a Határon túli beruházási lehetőségek vizsgálata a Rustic '96 Kft-nél  |c Fekete József  |h [elektronikus dokumentum] 
246 1 1 |a Határon túli beruházási lehetőségek vizsgálata a Rustic '96 Kft-nél 
695 |a Építőipar 
695 |a Pozsony 
695 |a  Kereskedelem 
700 1 |a Kozák Dr. Tamás  |e ths 
856 4 0 |u http://dolgozattar.uni-bge.hu/15053/1/Szakdolgozat_Fekete_J%C3%B3zsef_XYZAD7%20m%C3%A1solat.pdf  |z Dokumentum-elérés